Tổng hợp các đồng đẳng 2-Alkylbenzimidazol từ 0-phenylendiamin và acid carboxylic bằng xúc tác SnCl2
Luận văn" Tổng hợp các đồng đẳng 2-Alkylbenzimidazol từ 0-phenylendiamin và acid carboxylic bằng xúc tác SnCl2" Gồm 3 phần lớn: Phần một, tác giả giới thiệu tổng quan về các hợp chất hữu cơ, các phương pháp phân tích hoá lý thường...
Đã lưu trong:
| Príomhúdar: | |
|---|---|
| Formáid: | Leabhar |
| Teanga: | Undetermined |
| Foilsithe: |
Cần Thơ
Trường Đại học Cần Thơ
2003
|
| Ábhair: | |
| Clibeanna: |
Cuir Clib Leis
Gan Chlibeanna, Bí ar an gcéad duine leis an taifead seo a chlibeáil!
|
| Thư viện lưu trữ: | Trung tâm Học liệu Trường Đại học Cần Thơ |
|---|
| LEADER | 01239nam a2200205Ia 4500 | ||
|---|---|---|---|
| 001 | CTU_85428 | ||
| 008 | 210402s9999 xx 000 0 und d | ||
| 082 | |a 547 | ||
| 082 | |b X502 | ||
| 088 | |a 60440114 | ||
| 100 | |a Lê, Thị Thanh Xuân | ||
| 245 | 0 | |a Tổng hợp các đồng đẳng 2-Alkylbenzimidazol từ 0-phenylendiamin và acid carboxylic bằng xúc tác SnCl2 | |
| 245 | 0 | |c Lê Thị Thanh Xuân; Hồ Sơn Lâm | |
| 260 | |a Cần Thơ | ||
| 260 | |b Trường Đại học Cần Thơ | ||
| 260 | |c 2003 | ||
| 520 | |a Luận văn" Tổng hợp các đồng đẳng 2-Alkylbenzimidazol từ 0-phenylendiamin và acid carboxylic bằng xúc tác SnCl2" Gồm 3 phần lớn: Phần một, tác giả giới thiệu tổng quan về các hợp chất hữu cơ, các phương pháp phân tích hoá lý thường gặp. Phần hai , mô tả thực nghiệm bằng các dụng cụ , phương pháp.... Phần ba, nêu những kết quả khảo sát, sản phẩm tổng hợp được | ||
| 650 | |a Chemistry, organic | ||
| 904 | |i Năm | ||
| 980 | |a Trung tâm Học liệu Trường Đại học Cần Thơ | ||